<?xml version="1.0" encoding="UTF-8"?>
<marc:record xmlns:marc="http://www.loc.gov/MARC21/slim">
   <marc:leader>00000nam a2200000 a 4500</marc:leader>
   <marc:datafield ind1="1" ind2=" " tag="100">
      <marc:subfield code="a">Franz, Andreas</marc:subfield>
      <marc:subfield code="4">aut</marc:subfield>
      <marc:subfield code="e">Verfasser/-in</marc:subfield>
   </marc:datafield>
   <marc:datafield ind1="1" ind2=" " tag="100">
      <marc:subfield code="a">Holbe, Daniel</marc:subfield>
      <marc:subfield code="4">aut</marc:subfield>
      <marc:subfield code="e">Verfasser/-in</marc:subfield>
   </marc:datafield>
   <marc:datafield ind1="0" ind2="0" tag="245">
      <marc:subfield code="a">Der Fänger</marc:subfield>
   </marc:datafield>
   <marc:datafield ind1="0" ind2="0" tag="245">
      <marc:subfield code="b">Julia Durants neuer Fall. Roman</marc:subfield>
   </marc:datafield>
   <marc:datafield ind1="0" ind2="0" tag="245">
      <marc:subfield code="c">Andreas Franz ; Daniel Holbe</marc:subfield>
   </marc:datafield>
   <marc:datafield ind1=" " ind2="1" tag="264">
      <marc:subfield code="a">München</marc:subfield>
      <marc:subfield code="b">Droemer</marc:subfield>
      <marc:subfield code="c">2016</marc:subfield>
   </marc:datafield>
   <marc:datafield ind1="1" ind2=" " tag="490">
      <marc:subfield code="a">Julia Durant</marc:subfield>
      <marc:subfield code="v">16</marc:subfield>
   </marc:datafield>
   <marc:datafield ind1="1" ind2=" " tag="520">
      <marc:subfield code="a">In einem Waldstück bei Frankfurt wird die Leiche eines Sexualstraftäters gefunden, der seit Jahren als vermisst galt. Die Ermittlungen ergeben, dass der Mann zwar mehrfach verdächtigt, doch nie verurteilt wurde. In den Akten tauchen immer wieder derselbe Richter und dieselben Anwälte auf &#x96; Zufall? Die brutalen Verletzungen des Mordopfers lassen auf ein sehr persönliches Motiv schließen. Und auf große Wut. Und während Julia Durant sich noch mit der Frage herumschlägt, wem sie hier eigentlich zu Gerechtigkeit verhilft, muss sie erkennen, dass ihr der Gegenwind auch aus den eigenen Reihen entgegenschlägt.</marc:subfield>
   </marc:datafield>
   <marc:datafield ind1=" " ind2=" " tag="020">
      <marc:subfield code="a">9783426516492</marc:subfield>
      <marc:subfield code="9">9783426516492</marc:subfield>
   </marc:datafield>
   <marc:datafield ind1=" " ind2=" " tag="020">
      <marc:subfield code="a">3426516497</marc:subfield>
      <marc:subfield code="9">3426516497</marc:subfield>
   </marc:datafield>
   <marc:datafield ind1=" " ind2=" " tag="300">
      <marc:subfield code="a">442 S.</marc:subfield>
   </marc:datafield>
</marc:record>
